Hotel pri Počúvadle
Saved in:
| Main Author: | |
|---|---|
| Other Authors: | |
| Format: | Manuscript Book |
| Language: | Slovak |
| Published: |
2024
|
| Subjects: | |
| Online Access: | http://is.stuba.sk/zp/portal_zp.pl?podrobnosti=178832 |
| Tags: |
No Tags, Be the first to tag this record!
|
MARC
| LEADER | 00000ntm a22000003a 4500 | ||
|---|---|---|---|
| 001 | stuzp98584 | ||
| 003 | SK-STU | ||
| 005 | 20240608212301.5 | ||
| 007 | ta | ||
| 008 | 150427s2015----xo-----f-mn---000-0-slo-d | ||
| 040 | |a STU |b slo | ||
| 041 | 0 | |a slo | |
| 100 | 1 | |a Dorušiaková, Soňa |u 053130 |4 aut |U FAD Fakulta architektúry a dizajnu |T FAD Ústav dejín a teórie architektúry a obnovy pamiatok |X 94122 |U A3130 |Y 394 |7 94122 | |
| 242 | 0 | 1 | |a Hotel near Počúvadlo water reservoir |y eng |
| 245 | 1 | 0 | |a Hotel pri Počúvadle |
| 260 | |c 2024 | ||
| 650 | 4 | |a hotel |2 slo | |
| 650 | 4 | |a Počúvadlianske jazero |2 slo | |
| 650 | 4 | |a Počúvadlo |2 slo | |
| 650 | 4 | |a Kállayová ozdravovňa |2 slo | |
| 650 | 4 | |a hotel |2 eng | |
| 650 | 4 | |a Počúvadlo lake |2 eng | |
| 650 | 4 | |a Kállay's sanatorium |2 eng | |
| 650 | 4 | |a Počúvadlo |2 eng | |
| 700 | 1 | |a Polomová, Beata |u 053130 |k Z8 |4 ths |U FAD Fakulta architektúry a dizajnu |T FAD Ústav dejín a teórie architektúry a obnovy pamiatok |X 4781 |U A3130 |Y 394 |7 A000004781 | |
| 856 | 4 | |u http://is.stuba.sk/zp/portal_zp.pl?podrobnosti=178832 | |